000 00644nam a22002057a 4500
005 20230920163723.0
010 _aENG-134686
020 _a9789390082186
_c800.00
035 _aEN-118219
037 _bDBAD/PUB
082 _a500.00
245 _aIssues and Challenges In Social Science and Humanities-2020/
_cEdited by N.Velmani and IQAC Team
260 _aTamilnadu
_bShanlax Publications
270 _a61,66 T.P.K Main Road Vasantha Nagar Madurai
_bTamilnadu
_e625003
300 _a266p.
_c29cm(pbk)
490 _v Vol. 1
700 _aVelmani,N.
_957169
700 _aTeam,IQAC
_957170
942 _2ddc
_cEN
_h300
_mISS
999 _c191408
_d191408